| 000 | 00608 a2200193 4500 | ||
|---|---|---|---|
| 999 |
_c183171 _d183171 |
||
| 005 | 20211217165350.0 | ||
| 010 | _aENG-130403 | ||
| 020 |
_a978-93-89211-72-6 _c1250.00 |
||
| 035 | _aEN-113935 | ||
| 037 | _bDBAD/PUB | ||
| 082 |
_a617 _b1 |
||
| 100 | _aMathew, Stanley | ||
| 245 |
_aEssential Clinical Surgery: _cStanley Mathew |
||
| 250 | _a2nd Edition | ||
| 260 |
_aHyderabad, Telangana _bUniversities Press (India) Private Limited _c2021 |
||
| 270 |
_a3-6-747/1/A & 3-6-754/1, Himayatnagar _bHyderabad _e500029 |
||
| 300 |
_aix,573p. _c28cm (pbk) |
||
| 942 |
_adpl _cEN _2ddc _h617 _mMAT |
||